Statistics for Busiest Railway Stations in Yorkshire & The Humber, England

Click here to take the quiz!

General Stats

  • This quiz has been taken 108 times
  • The average score is 11 of 20

Answer Stats

No. of Passenger Entries / ExitsStation% Correct
31,107,672Leeds
98%
2,514,004Hull
96%
9,833,864York
96%
9,667,514Sheffield
94%
3,857,370Doncaster
85%
5,100,976Huddersfield
78%
1,697,926Harrogate
71%
1,420,608Barnsley
68%
1,948,692Halifax
65%
2,768,524Bradford Interchange
54%
2,476,988Wakefield Westgate
52%
2,027,276Bradford Forster Square
49%
1,699,776Dewsbury
40%
1,664,604Keighley
40%
1,206,556Skipton
40%
1,874,180Meadowhall
38%
1,716,332Shipley
26%
1,336,554Ilkley
24%
1,244,952Bingley
17%
1,259,200Guiseley
10%

Score Distribution

Percentile by Number Answered

Percent of People with Each Score

Your Score History

You have not taken this quiz